Охрана труда в металлообрабатывающей промышленности: учебник

Podrobná bibliografie
Hlavní autor: Куликов О. Н. Олег Николаевич
Další autoři: Ролин Е. И. Евгений Иванович
Shrnutí:Изложены основные положения в области охраны труда и безопасного производства работ в металлообрабатывающей промышленности: требования к организации охраны труда, правила техники безопасности и производственной санитарии при обработке металлов, электро- и пожаробезопасности, а также оказания доврачебной помощи при несчастных случаях. Для учащихся учреждений начального профессионального образования.
Jazyk:ruština
Vydáno: Москва, Академия, 2006
Edice:Профессиональное образование. Металлообработка
Témata:
Médium: MixedMaterials Kniha
KOHA link:https://koha.lib.tpu.ru/cgi-bin/koha/opac-detail.pl?biblionumber=111660

MARC

LEADER 00000nam0a2200000 4500
001 111660
005 20231101215018.0
010 |a 5769531657 
035 |a (RuTPU)RU\TPU\book\120598 
035 |a RU\TPU\book\84588 
090 |a 111660 
100 |a 20070319d2006 m y0rusy50 ca 
101 0 |a rus 
102 |a RU 
105 |a y j 000zy 
200 1 |a Охрана труда в металлообрабатывающей промышленности  |e учебник  |f О. Н. Куликов, Е. И. Ролин 
210 |a Москва  |c Академия  |d 2006 
215 |a 142 с. 
225 1 |a Профессиональное образование. Металлообработка 
330 |a Изложены основные положения в области охраны труда и безопасного производства работ в металлообрабатывающей промышленности: требования к организации охраны труда, правила техники безопасности и производственной санитарии при обработке металлов, электро- и пожаробезопасности, а также оказания доврачебной помощи при несчастных случаях. Для учащихся учреждений начального профессионального образования. 
606 1 |a Металлообрабатывающие предприятия  |x Производительность труда  |x Охрана труда  |2 stltpush  |3 (RuTPU)RU\TPU\subj\42469  |9 62135 
610 1 |a металлообрабатывающие предприятия 
610 1 |a охрана труда 
610 1 |a безопасность 
610 1 |a трудовое законодательство 
610 1 |a производственный травматизм 
610 1 |a профессиональные заболевания 
610 1 |a производственная санитария 
610 1 |a электробезопасность 
610 1 |a пожарная безопасность 
610 1 |a металлы 
610 1 |a обработка 
610 1 |a несчастные случаи 
610 1 |a первая помощь 
610 1 |a учебники 
675 |a 621.7:658(075.8)  |v 3 
700 1 |a Куликов  |b О. Н.  |g Олег Николаевич 
701 1 |a Ролин  |b Е. И.  |g Евгений Иванович 
801 1 |a RU  |b 63413507  |c 20050701  |g PSBO 
801 2 |a RU  |b 63413507  |c 20150623  |g PSBO 
900 |a Металлорежущие инструменты 
900 |a Охрана труда 
900 |a Безопасность жизнедеятельности... 
900 |a Обработка металлов давлением 
942 |c BK 
952 |a 540400  |b 030500 
959 |a 57/20050630  |d 2  |e 0  |f ЧЗТЛ:2